000 00621nam a2200277Ia 4500
005 20260324115014.0
008 008 260324s9999 xx 000 0 eng d
020 _a9780429325274
037 _aEBOOK
040 _aCRL
040 _beng
040 _cCRL
041 _2eng
041 _aeng
084 _qCRL
100 _aSasi K. Kottayil
_91153008
245 0 _aSmart Microgrids
260 _bTaylor and Francis
260 _c2020
365 _a
365 _b275
856 _uhttp://www.taylorfrancis.com/books/9780429325274
942 _cEBOOK
999 _c1743546
_d1743546